Διεθνές δίκαιο εναέριου χώρου

Αποθηκεύτηκε σε:
Λεπτομέρειες βιβλιογραφικής εγγραφής
Κύριοι συγγραφείς: Γιόκαρης, Άγγελος Σ., Κυριακόπουλος, Γεώργιος Β. (Συγγραφέας)
Μορφή: Βιβλίο
Γλώσσα:Greek
Δημοσίευση: Αθήνα : Νομική Βιβλιοθήκη, 2013.
Σειρά:Σειρά Δημοσίου Διεθνούς Δικαίου (Νομική Βιβλιοθήκη) ; 6
Θέματα:
Ετικέτες: Προσθήκη ετικέτας
Δεν υπάρχουν, Καταχωρήστε ετικέτα πρώτοι!

MARC

LEADER 00000cam a2200000 a 4500
001 1/114000
008 170518s2013####gr | ||| |||| ||gre||
020 |a 9789605621032 
040 |a GR-MyUa  |b gre  |c GR-MyUa  |e AACR2 
041 0 |a gre 
082 7 |a 341.46   |2 (23) 
100 1 |a Γιόκαρης, Άγγελος Σ. 
245 1 0 |a Διεθνές δίκαιο εναέριου χώρου /   |c Άγγελος Γιόκαρης, Γεώργιος Κυριακόπουλος.  
260 |a Αθήνα :   |b Νομική Βιβλιοθήκη,   |c 2013.  
300 |a xxv, 395 σ. ;   |c 24 εκ.  
490 1 |a (Σειρά Δημοσίου Διεθνούς Δικαίου / Νομική Βιβλιοθήκη ;   |v  6) 
500 |a   
504 |a Βιβλιογραφία : σ. 365-385. Ευρετήριο.  
650 0 |a Airspace (International law) 
650 0 |a Space law. 
650 0 |a Aeronautics, Commercial  |x Law and legislation. 
700 1 |a Κυριακόπουλος, Γεώργιος Β.  |e aut 
830 0 |a Σειρά Δημοσίου Διεθνούς Δικαίου (Νομική Βιβλιοθήκη)  |v  ; 6  
852 |a INST  |b RHODES  |e 20170518  |h 341.46 ΓΙΟ  |p 005400039284  |q 005400039284  |t BK  |y 0 
970 |z 18-05-2017